01106nam a2200169Ia 4500008004100000020002900041041000800070050002500078100002100103245013000124260004300254300003100297505042700328650004900755952011500804999001700919231021s9999 xx 000 0 und d a97808499177380849917735  aeng aBS2440 b.M243 2002  aMacArthur, John  0aTwelve Ordinary Men : bHow the Master Shaped His Disciples for Greatness, and What He Wants to Do with You /cJohn MacArthur aNashville, TN : bW Pub. Group, c2002 axviii, 200 p. b; c25 cm. aCommon men, uncommon calling -- Peter : the Apostle with the foot-shaped mouth -- Andrew : the Apostle of small things -- James : the Apostle of passion -- John : the Apostle of love -- Philip : the bean counter -- Nathanael : the guileless one -- Matthew : the tax collector ; and Thomas : the twin -- James : the Less ; Simon : the Zealot ; and Judas (not Iscariot) : the Apostle with three names -- Judas : the traitor. aApostles Biography.Christian life.Biography. 00104070aGETSbGETSc GENd2023-11-13l0oBS2440 .M243 2002p00031954r2023-11-13 14:57:10w2023-11-13yBK  c50333d50333